Państwa graniczące z Niemcami - Statystyki

Ogólne statystyki
  • Ten quiz został rozwiązany 20 razy
  • Średni wynik to 8 z 9
Statystyki odpowiedzi
ID Odpowiedź % Poprawnych
467km Polska
94%
448km Francja
88%
567km Holandia
88%
815km Austria
82%
156km Belgia
82%
810km Czechy
82%
68km Dania
82%
135km Luksemburg
82%
316km Szwajcaria
82%
Nie znaleziono quizów pasujących do podanych kryteriów
Rozkład punktacji
Procent ludzi z każdym wynikiem
Percentyl według liczby udzielonych odpowiedzi
Twoja historia wyników
Nie rozwiązałeś tego quizu